000 00578nam a2200229Ia 4500
003 OSt
005 20221007072340.0
006 a|||||r|||| 00| 0
007 ta
008 221006b |||||||| |||| 00| 0 eng d
024 _a18,892
037 _cTextual
040 _aFLL
_cFLL
_beng
041 _2eng
_aeng
082 _aZ1, J3
100 _aCheng Bin
_9690515
245 0 _aGeneral principles of law
260 _aLondon
_bStevens & Sons Ltd. England
_c1953
300 _a490p
_ccm.
942 _hZ1, J3
_cTEXL
_2CC
999 _c1145817
_d1145817